Nepřítelem mobbingu je důsledná prevence

Mobbing - všetky formy spoločenského šikanovania spolupracovníka, ktoré môžu negatívne ovplyvniť nielen psychický, ale aj fyzický stav poškodeného. Vedie často k rozpadu pracovných tímov, k zníženiu výkonnosti, či k zvýšeniu fluktuácie. Žiadny podnik nie je proti mobbingu imúnny. Mobbing v ČR a vo s...

Descripción completa

Guardado en:
Detalles Bibliográficos
Formato: Capítulo de libro
Lenguaje:checo
Materias:
Etiquetas: Agregar Etiqueta
Sin Etiquetas, Sea el primero en etiquetar este registro!

MARC

LEADER 00000naa$a2200000$$$4500
001 0069092
005 20231019113908.6
041 0 |a cze 
044 |a CZ 
245 1 0 |a Nepřítelem mobbingu je důsledná prevence 
520 |a Mobbing - všetky formy spoločenského šikanovania spolupracovníka, ktoré môžu negatívne ovplyvniť nielen psychický, ale aj fyzický stav poškodeného. Vedie často k rozpadu pracovných tímov, k zníženiu výkonnosti, či k zvýšeniu fluktuácie. Žiadny podnik nie je proti mobbingu imúnny. Mobbing v ČR a vo svete. Dôležité je včasné rozoznanie nákazy, komunikácia a počúvanie. Zodpovednosť majú manažéri. 
610 2 0 |a pracovisko 
610 2 0 |a tímy pracovné 
610 2 0 |a mobbing